[Event "Wch Seniors 50 29th"]
[Site "Bucharest"]
[Date "2019.11.21"]
[Round "9"]
[White "Ring, Rudolf"]
[Black "Mittermaier, Christian"]
[Result "1/2-1/2"]
[WhiteElo "1758"]
[BlackElo "1681"]
[PlyCount "26"]
[EventDate "2019.11.12"]
[EventType "swiss"]
[EventRounds "11"]
[EventCountry "ROU"]
[SourceTitle "CBM 193 Extra"]
[Source "ChessBase"]
[SourceDate "2020.01.31"]
[SourceVersion "1"]
[SourceVersionDate "2020.01.31"]
[SourceQuality "1"]

1. e4 c6 2. f4 d5 3. exd5 cxd5 4. Nf3 Nc6 5. d4 Bg4 6. Be2 e6 7. c3 Nf6 8. 0-0 Be7 9. Ne5 Bxe2 10. Qxe2 Ne4 11. Nd2 Nxd2 12. Bxd2 0-0 13. Rf3 Bd6 1/2-1/2

[Event "Wch Seniors 50 28th"]
[Site "Bled"]
[Date "2018.11.18"]
[Round "1"]
[White "Chapman, Terry PD"]
[Black "Ring, Rudolf"]
[Result "1-0"]
[WhiteElo "2172"]
[BlackElo "1745"]
[PlyCount "123"]
[EventDate "2018.11.18"]
[EventType "swiss"]
[EventRounds "11"]
[EventCountry "SLO"]
[SourceTitle "CBM 187 Extra"]
[Source "ChessBase"]
[SourceDate "2018.11.04"]
[SourceVersion "1"]
[SourceVersionDate "2018.11.04"]
[SourceQuality "1"]

1. Nf3 d5 2. d4 Nf6 3. c4 c6 4. Qc2 Ne4 5. Nc3 Nxc3 6. bxc3 e6 7. e4 dxe4 8. Qxe4 Nd7 9. Bd3 Nf6 10. Qe2 Be7 11. Bd2 b6 12. g4 h6 13. Rg1 Bb7 14. h4 c5 15. g5 hxg5 16. hxg5 Nd7 17. g6 cxd4 18. gxf7+ Kf8 19. cxd4 Bxf3 20. Qxf3 Bf6 21. Bb4+ Kxf7 22. Bg6+ Kg8 23. Be7 Qc8 24. Qe2 Rh6 25. Qxe6+ Kh8 26. Bxf6 Nxf6 27. Qxc8+ Rxc8 28. Bd3 Rh4 29. d5 Rd8 30. 0-0-0 Rf4 31. Rd2 Kg8 32. Kb2 Kf8 33. Rg5 Rh4 34. Rf5 Rd6 35. Re2 b5 36. cxb5 Rxd5 37. Rxd5 Nxd5 38. Re5 Rd4 39. Bc4 Nb6 40. Rf5+ Ke8 41. Bb3 Rg4 42. Kc3 Nc8 43. a4 Nd6 44. Re5+ Kd8 45. f3 Rg3 46. Bd1 Kd7 47. a5 Rg1 48. Rd5 Kc7 49. Kb4 Rg2 50. Bb3 Rg3 51. Rc5+ Kb8 52. Rc6 Rg6 53. a6 Rf6 54. Kc5 Ne8 55. Rxf6 Nxf6 56. Kd6 Kc8 57. Be6+ Kb8 58. Ke7 Kc7 59. Kf7 Nh5 60. Bc4 Kb6 61. Kg6 Ng3 62. Bd3 1-0

[Event "Finkenstein op"]
[Site "Finkenstein"]
[Date "1996.??.??"]
[Round "1"]
[White "Keller, M."]
[Black "Ring, Rudolf"]
[Result "1-0"]
[WhiteElo "2205"]
[BlackElo "1745"]
[PlyCount "63"]
[EventDate "1996.??.??"]
[EventType "swiss"]
[EventRounds "9"]
[EventCountry "AUT"]
[SourceTitle "EXT 1997"]
[Source "ChessBase"]
[SourceDate "1996.11.15"]
[SourceVersion "1"]
[SourceVersionDate "1996.11.15"]
[SourceQuality "1"]

1. d4 d5 2. Nc3 Bf5 3. f3 Nf6 4. Bg5 e6 5. e4 dxe4 6. fxe4 Bg4 7. Bxf6 Qxf6 8. Qxg4 Qxd4 9. Nf3 Qe3+ 10. Be2 Bc5 11. Nd1 Qh6 12. Qg5 Qxg5 13. Nxg5 Nc6 14. Bb5 Ke7 15. Bxc6 bxc6 16. Nf3 Rhd8 17. Nf2 Rd6 18. Nd3 Bb6 19. a4 a5 20. Ke2 Rad8 21. Rhd1 f6 22. b4 g5 23. e5 fxe5 24. Ndxe5 h6 25. Rxd6 Rxd6 26. Nc4 g4 27. Nfd2 Rd5 28. bxa5 Bxa5 29. Nxa5 Rxa5 30. Nc4 Ra6 31. a5 c5 32. Ke3 1-0